000 00325nam a2200145Ia 4500
008 100122s9999 xx 000 0 und d
082 _b40053
_a823
100 _aASHLEY J
245 _aLOVES REVENGE
260 _bHARTEQUIN
_c1905
300 _a255
630 _aLOVES REVENGE
730 _aLOVES REVENGE
942 _cBOOK
999 _c372249
_d372246